000 00642nam a2200229Ia 4500
003 OSt
005 20221007064750.0
006 a|||||r|||| 00| 0
007 ta
008 221006b |||||||| |||| 00| 0 eng d
024 _a16,633
037 _cTextual
040 _aFLL
_cFLL
_beng
041 _2eng
_aeng
082 _aY1:45:61.Z2, K5
100 _aConsul S.C. Au.
_9682600
245 0 _aLaw relating to police personnel in india
260 _aDelhi
_bMetropolitan book co,. ptivate ltd. India
_c1965
300 _a209p
_ccm.
942 _hY1:45:61.Z2, K5
_cTEXL
_2CC
999 _c1135273
_d1135273